Normal view
MARC view
Entry Personal Name
001 - CONTROL NUMBER
- control field: 26888
003 - CONTROL NUMBER IDENTIFIER
- control field: dpl
005 - DATE AND TIME OF LATEST TRANSACTION
- control field: 20110331144127.0
008 - FIXED-LENGTH DATA ELEMENTS
- fixed length control field: 110331|||a|||||| | ||| d
040 ## - CATALOGING SOURCE
- Original cataloging agency: dpl
- Transcribing agency: dpl
100 ## - HEADING--PERSONAL NAME
- Personal name: Nahata, Vijay, Ed.
670 ## - SOURCE DATA FOUND
- Source citation: Work cat.: (dpl)0: Maharashtra ahead., [2009]-
670 ## - SOURCE DATA FOUND
- Source citation: Work cat.: (dpl)0: Maharashtra ahead., [2009]-
